Multidimensional Screening /

Đã lưu trong:
Chi tiết về thư mục
Tác giả chính: Suren Basov (autor)
Định dạng: Sách
Ngôn ngữ:Tiếng Anh
Được phát hành: Berlín, Alemania : Springer, 2005, c2005
Loạt:(Studies in Economic Theory)
Truy cập trực tuyến:Ver documento en línea
Các nhãn: Thêm thẻ
Không có thẻ, Là người đầu tiên thẻ bản ghi này!

MARC

LEADER 00000nam^a22000000a04500
001 000604607
009 20260425195250.446
020 |a 978-3-540-27313-4 
022 |a 2196-9930 
037 |a Acervo ITESO - Biblioteca 
041 |a ING 
082 |a Libro en línea 
100 |a Suren Basov  |e (autor) 
245 |a Multidimensional Screening / 
264 4 |a Berlín, Alemania :  |b Springer,  |c 2005, c2005 
264 2 |a Cham, Suiza :  |b Springer Link [distribución],  |c 2025 
300 |a 1 libro electrónico en línea (XIV, 202 p.) 
300 |a 1 recurso en línea 
336 |a datos para computadora  |b cod  |2 rdacontenido 
337 |a computadora  |b c  |2 rdamedio 
338 |a recurso en línea  |b cr  |2 rdasoporte 
440 |a (Studies in Economic Theory) 
506 0 |a Licencias ilimitadas 
567 |a Catalogación rápida 
649 |a XX 
856 4 0 |u https://link-springer-com.ezproxy.iteso.mx/10.1007/b138910  |y Ver documento en línea 
910 |a Fondo General 
920 |a Electrónicos - Libros en Línea 
930 |a Plataforma Digital 
905 |a 205 
902 |a https://opac.biblio.iteso.mx/vufind/Record/000604607